00340pam a2200121 a 4500020000500000041000500005082001600010100002400026245011400050250001000164260002700174300001700201 c h a005.13bREB aSamuel A. Rebelsky. aExperiments in Jaya Introduction Lab MannualbExperiments in Jaya Introduction Lab MannualhTextual Documents a2000. a[s.l]:bAddison Wesley a444:bpaper.